| 000 | 00475nam a22001217a 4500 | ||
|---|---|---|---|
| 082 | _a200 THE | ||
| 100 |
_aAnum Mehmood _969828 |
||
| 245 | _aTH-SOF-1300-VERTEBRA LOCALIZATION AND SEGMENTATION USING SHAPE BASED ANALYSIS AND UNSUPERVISED CLUSTERING FROM X-RAY IMAGES | ||
| 260 |
_aIslamabad _bNUST College of EME _c2016 |
||
| 650 | _a MS-COMPUTER ENGINEERING-81 MSTHESIS | ||
| 700 |
_aSupervisor Dr. Muhammad Usman Akram Co Supervisor Dr. Mahmood Akhtar _969829 |
||
| 942 | _cCF | ||
| 999 |
_c576939 _d576939 |
||